Animal Terminology - Statistics

General Stats
  • This quiz has been taken 7 times
    6 since last reset
  • The average score is 22 of 50
Answer Stats
Hint Answer % Correct
Baby Chicken Chick
100%
Female Cattle Cow
100%
Female Chicken Hen
100%
Female turkey Hen
100%
Female Horse Mare
100%
Male Chicken Rooster
100%
Male Deer Buck
80%
Male Cattle Bull
80%
Baby Cattle Calf
80%
Female Deer Doe
80%
Female Sheep Ewe
80%
Baby Deer Fawn
80%
Male Goose Gander
80%
Baby Goose Gosling
80%
Baby Goat Kid
80%
Baby Pig Piglet
80%
Male Sheep Ram
80%
Male Duck Drake
60%
Baby Horse Foal
60%
Female Pig Sow
60%
Male Horse Stallion
60%
Male Pig Boar
40%
Yong Male Horse Colt
40%
Female Duck Duck
40%
Baby Duck Duckling
40%
Castrated Male Horse Gelding
40%
Female Goose Goose
40%
Baby Sheep Lamb
40%
Male Deer in Europe Stag
40%
Castrated Male Cattle Steer
40%
Year Old Horse Yearling
40%
Female Cattle who has not given brith Heifer
20%
Male Turkey Tom
20%
Castrated Male Pig Barrow
0%
Male Goat Billy
0%
Young Male Cattle Bull Calf
0%
Castrated Male Chicken Capon
0%
Young Male Chicken Cockerel
0%
Young Female Sheep Ewe Lamb
0%
Young Female Horse Filly
0%
Female Pig who has not given birth Gilt
0%
Young Female Turkey Hen Poult
0%
Young Male Turkey Jake
0%
Female Goat Nanny
0%
Baby Turkey Poult
0%
Young Female Chicken Pullet
0%
Young Male Sheep Ram Lamb
0%
Young Male Pig Shoat
0%
Wild Boar under the age of 10 months Squeaker
0%
Castrated Male Sheep Wether
0%
No matching quizzes found
Score Distribution
Percent of People with Each Score
Percentile by Number Answered
Your Score History
You have not taken this quiz since the last reset